BTS Songs - Scrambles #5 - Statistics

General Stats
  • This quiz has been taken 7 times
  • The average score is 5 of 20
Answer Stats
Scramble Song % Correct
I EEUD N I Need U
100%
LOG ET Let Go
67%
ONOM Moon
67%
UCLN 2RTIRST 1GYE 21st Century Girl
33%
EI MTMY My Time
33%
LNSREI OOVPS Silver Spoon
33%
ISRPE REKABEN Spine Breaker
33%
GATISM Stigma
33%
AEOW KTT Take Two
33%
AWHL52E NI Whalien 52
33%
ITGO HD TLEMH Hold Me Tight
17%
LTBSOM EOAH NBDUR Louder than bombs
17%
EIIR EPPPD Pied Piper
17%
ROMOWTRO Tomorrow
17%
MYFESL: ANOE SVLERW Answer: Love Myself
0%
LHE EPLYCB 3P. S: KIRTTR BTS Cypher Pt. 3: Killer
0%
KOHE ELRO Look Here
0%
NOREO: TRIE VO OTU LVOS Outro: Love Is Not Over
0%
EIOCNLTRFE Reflection
0%
LTRO EEYU LESY Your eyes tell
0%
No matching quizzes found
Score Distribution
Percent of People with Each Score
Percentile by Number Answered
Your Score History
You have not taken this quiz